书目信息 |
| 题名: |
人是教育的对象
|
|
| 作者: | 乌申斯基 著 ;郑文樾 译 | |
| 分册: | 上卷 | |
| 出版信息: | 北京 人民教育出版社 2007 |
|
| 页数: | 23,604页 | |
| 开本: | 21cm | |
| 丛书名: | 外国教育名著丛书 | |
| 单 册: | ||
| 中图分类: | G40-056 | |
| 科图分类: | ||
| 主题词: | 教育人类学 | |
| 电子资源: | ||
| ISBN: | 978-7-107-17466-7 | |
| 000 | 01261oam2 2200289 45 | |
| 001 | 100916012265 | |
| 005 | 20110111094420.58 | |
| 010 | @a978-7-107-17466-7@dCNY36.00 | |
| 100 | @a20071029d2007 ekmy0chiy0120 ea | |
| 101 | 1 | @achi |
| 102 | @aCN@b110000 | |
| 105 | @ay z 000yy | |
| 106 | @ar | |
| 200 | 1 | @a人是教育的对象@ARen Shi Jiao Yu De Dui Xiang@e教育人类学初探@EJiao Yu Ren Lei Xue Chu Tan@h上卷@HShang Juan@f(俄)康·德·乌申斯基(К.Д.Ушинский)著@F( E ) Kang· De· Wu Shen Si Ji (К.Д.Ушинский) Zhu@g郑文樾译 |
| 205 | @a2版 | |
| 210 | @a北京@c人民教育出版社@d2007 | |
| 215 | @a23,604页@c图@d21cm | |
| 225 | 2 | @a外国教育名著丛书 |
| 330 | @a本书分析了教学-教育过程中心理现象的各个方面和各个环节,对耐心、惊奇和疑惑等心灵-内心感知,对性格的培养以及劳动作用等提出见解,揭示了人的身心发展的规律性等。下卷包括生理篇、心理篇之意识。 | |
| 410 | 0 | @12001 @a外国教育名著丛书 |
| 517 | 1 | @a教育人类学初探 @AJiao Yu Ren Lei Xue Chu Tan |
| 606 | 0 | @a教育人类学 |
| 690 | @aG40-056@v4 | |
| 701 | 1 | @a乌申斯基@AWu Shen Si Ji@g(Ушинский,КонстантинДмитриевич 1824~1870)@4著 |
| 702 | 0 | @a郑文樾@AZheng Wen Yue@4译 |
| 801 | 0 | @aCN@bSYL@c20110111 |
| 905 | @b205970369-396@h597036-39@dG40-056@e535:1=2@f4 | |
| 人是教育的对象:教育人类学初探.上卷/(俄)康·德·乌申斯基(К.Д.Ушинский)著/郑文樾译.-2版.-北京:人民教育出版社,2007 |
| 23,604页:图;21cm.-(外国教育名著丛书) |
| ISBN 978-7-107-17466-7:CNY36.00 |
| 本书分析了教学-教育过程中心理现象的各个方面和各个环节,对耐心、惊奇和疑惑等心灵-内心感知,对性格的培养以及劳动作用等提出见解,揭示了人的身心发展的规律性等。下卷包括生理篇、心理篇之意识。 |
| ● |
| 相关链接 |
|
|
|
|
正题名:人是教育的对象
索取号:G40-056/535:1=2
 
预约/预借
| 序号 | 登录号 | 条形码 | 馆藏地/架位号 | 状态 | 备注 |
| 1 | 597036 | 205970369 | 第一样本阅览室/ [索取号:G40-056/535:1=2] | 在馆 | |
| 2 | 597037 | 205970378 | 第四借阅区/ [索取号:G40-056/535:1=2] | 在馆 | |
| 3 | 597038 | 205970387 | 第四借阅区/ [索取号:G40-056/535:1=2] | 在馆 | |
| 4 | 597039 | 205970396 | 第四借阅区/ [索取号:G40-056/535:1=2] | 在馆 |